Tại sao không?
Nội dung sách tìm ra những cách để giải quyết vấn đề, giải quyết vấn đề có nguyên tắc, và làm sao để gải quyết các vấn đề lớn nhỏ bằng cách sử dụng sáng kiến trong cuộc sống hằng ngày....
Gardado en:
| Autor Principal: | |
|---|---|
| Formato: | Libro |
| Idioma: | Undetermined |
| Publicado: |
Hà Nội
Tri thức
2008
|
| Những chủ đề: | |
| Các nhãn: |
Engadir etiqueta
Sen Etiquetas, Sexa o primeiro en etiquetar este rexistro!
|
| Thư viện lưu trữ: | Trung tâm Học liệu Trường Đại học Cần Thơ |
|---|
| LEADER | 00882nam a2200205Ia 4500 | ||
|---|---|---|---|
| 001 | CTU_132409 | ||
| 008 | 210402s9999 xx 000 0 und d | ||
| 020 | |c 53000 | ||
| 082 | |a 153.43 | ||
| 082 | |b N169 | ||
| 100 | |a Nalebuff, Barry | ||
| 245 | 0 | |a Tại sao không? | |
| 245 | 0 | |c Barry Nalebuff, Ian Ayres ; Ngô Thu Hương dịch | |
| 260 | |a Hà Nội | ||
| 260 | |b Tri thức | ||
| 260 | |c 2008 | ||
| 520 | |a Nội dung sách tìm ra những cách để giải quyết vấn đề, giải quyết vấn đề có nguyên tắc, và làm sao để gải quyết các vấn đề lớn nhỏ bằng cách sử dụng sáng kiến trong cuộc sống hằng ngày. | ||
| 650 | |a Problem solving.,Giải quyết vấn đề | ||
| 904 | |i Tuyến | ||
| 980 | |a Trung tâm Học liệu Trường Đại học Cần Thơ | ||